Estadísticas para Partidos Políticos en el Parlamento Español

Haz click aquí para intentar la prueba.

Estadísticas generales

  • Esta prueba ha sido intentada 258 veces
  • La puntuación promedio es 7 de 10

Estadísticas de respuestas

escañospartido% Correcto
123PP (Partido Popular )
100%
90PSOE (Partido Socialista Obrero Español)
100%
69Podemos
98%
40C's (Ciudadanos )
93%
6EAJ-PNV (Euzko Alderdi Jeltzalea / Partido Nacionalista Vasco)
83%
9ERC (Esquerra Republicana de Catalunya)
72%
1CC-PNC (Coalición Canaria)
56%
2UP (Unidad Popular)
48%
2EH Bildu (Euskal Herria Bildu)
41%
8DiL (Democràcia i Llibertat)
15%

Distribución de puntuación

Porcentaje por número respondido

Porcentaje de gente con cada puntuación

Historial de tus puntuaciones

No has intentado esta prueba.